000 00462nam a2200169Ia 4500
999 _c13989
_d13989
003 OSt
005 20201019095658.0
008 190216s9999||||xx |||||||||||||| ||und||
040 _coclc
082 _a823
_bMEA/M
100 _aMears, Gillian
_95855
245 4 _aThe Mint Lawn /
_cGillan Mears
260 _bPenguin Books,
_c1991.
_aNew zealand:
300 _a265p
650 _aEnglish Novel
942 _cBK
_2ddc
_h823
_iMEA/M
_k823
_mMEA/M